[Event "Feffernitz Raika op 21st"]
[Site "Feffernitz"]
[Date "2012.08.19"]
[Round "1"]
[White "Wawricka, Alfred"]
[Black "Tarmastin, Luca"]
[Result "1-0"]
[WhiteElo "2033"]
[BlackElo "1655"]
[PlyCount "47"]
[EventDate "2012.08.19"]
[EventType "swiss"]
[EventRounds "9"]
[EventCountry "AUT"]
[SourceTitle "CBM 150 Extra"]
[Source "ChessBase"]
[SourceDate "2012.10.19"]
[SourceVersion "1"]
[SourceVersionDate "2012.10.19"]
[SourceQuality "1"]

1. c4 e5 2. Nc3 Nf6 3. g3 d5 4. cxd5 Nxd5 5. Bg2 Be6 6. Nf3 Nc6 7. 0-0 Be7 8. d3 0-0 9. a3 a5 10. Qc2 Rc8 11. Bd2 Qd7 12. Rfc1 Bf6 13. Ne4 Be7 14. Nc5 Bxc5 15. Qxc5 Ra8 16. Qb5 Rfb8 17. Rc5 Qd6 18. Rac1 f6 19. Qa4 Nde7 20. Kf1 Rc8 21. Ne1 Bd5 22. Bxd5+ Nxd5 23. Qc4 Kh8 24. Qxd5 1-0

[Event "Feffernitz Raika op 19th"]
[Site "Feffernitz"]
[Date "2010.08.22"]
[Round "1"]
[White "Tarmastin, Luca"]
[Black "Kock, Hans Uwe"]
[Result "0-1"]
[WhiteElo "1576"]
[BlackElo "2101"]
[PlyCount "116"]
[EventDate "2010.08.22"]
[EventType "swiss"]
[EventRounds "9"]
[EventCountry "AUT"]
[SourceTitle "CBM 138 Extra"]
[Source "ChessBase"]
[SourceDate "2010.10.29"]
[SourceVersion "1"]
[SourceVersionDate "2010.10.29"]
[SourceQuality "1"]

1. e4 c6 2. d4 d5 3. e5 Bf5 4. Nf3 e6 5. Be3 Nd7 6. Bd3 Bxd3 7. Qxd3 a6 8. Nbd2 c5 9. c3 Rc8 10. 0-0 Ne7 11. Rac1 Nc6 12. a3 Be7 13. b4 cxd4 14. cxd4 0-0 15. Nb3 h6 16. Nc5 Nxc5 17. bxc5 Qd7 18. Rb1 Rb8 19. Nd2 Bd8 20. Qe2 f6 21. f4 fxe5 22. fxe5 Rxf1+ 23. Rxf1 Ne7 24. Qf2 Nf5 25. g4 Nxe3 26. Qxe3 Be7 27. Qb3 Rf8 28. Rxf8+ Kxf8 29. Nf3 Bd8 30. Kf2 Qc6 31. Qb4 a5 32. Qb3 b6 33. cxb6 Bxb6 34. a4 Ke8 35. Ke2 Kd7 36. Kd2 Bd8 37. h3 Be7 38. Kd3 Bb4 39. Qc2 Qa6+ 40. Ke3 Qc4 41. Qd3 Be7 42. Qd1 Kc6 43. Kf2 Ba3 44. Ke3 Bc1+ 45. Kf2 Bf4 46. Kg2 Kd7 47. Kf2 Ke7 48. Kg2 Qa2+ 49. Kh1 Qf2 50. Qd3 Be3 51. Qd1 g5 52. Ng1 Bxd4 53. Nf3 Be3 54. Ng1 d4 55. Qb1 Qxg1+ 56. Qxg1 Bxg1 57. Kxg1 Kd7 58. Kf2 Kc6 0-1